[Event "WWCC 2006"]
[Site "0:02.03-0:06.45"]
[Date "2006.03.12"]
[Round "12"]
[White "Dzagnidze, Nana"]
[Black "Ovod, Evgenija"]
[Result "0-1"]
[WhiteElo "2452"]
[WhiteCountry "GEO"]
[BlackElo "2366"]
[BlackCountry "RUS"]
[Remark "WWCC 2006 Match 021"]
[PresId "1000120021"]

1. d4 d6 2. Nf3 f5 3. Nc3 Nf6 4. Bg5 Nbd7 5. e3 e5 6. e4 f4 7. Bc4 c6
8. a4 h6 9. Bxf6 Qxf6 10. a5 g5 11. h3 exd4 12. Nxd4 Ne5 13. Be2 Bg7
14. Bh5+ Ke7 15. a6 Rd8 16. axb7 Bxb7 17. Nf5+ Kf8 18. Nxg7 Kxg7 19.
O-O a5 20. Re1 Ba6 21. b3 Rf8 22. Bf3 Bc8 23. Ra4 h5 24. Bxh5 g4 25.
hxg4 f3 26. g3 Rh8 27. Rd4 Bxg4 28. Bxg4 Nxg4 29. Rxd6 Qxc3 30. Rd7+
Kg6 31. Rd6+ Kf7 32. Qa1 Qxa1 33. Rxa1 Rh2 34. Rxc6 Rah8 35. Rc7+ Ke6
36. Rc6+ Ke5 0-1
*

[Event "WWCC 2006"]
[Site "0:06.28-0:10.36"]
[Date "2006.03.14"]
[Round "22"]
[White "Koneru, Humpy"]
[Black "Sebag, Marie"]
[Result "1/2-1/2"]
[WhiteElo "2537"]
[WhiteCountry "IND"]
[BlackElo "2415"]
[BlackCountry "FRA"]
[Remark "WWCC 2006 Match 002"]
[PresId "1000220002"]

1. d4 d5 2. c4 c6 3. Nf3 Nf6 4. e3 Bf5 5. Nc3 e6 6. Nh4 Bg6 7. Qb3 Qc7
8. Nxg6 hxg6 9. h3 a6 10. Bd2 Nbd7 11. cxd5 cxd5 12. Bd3 Be7 13. O-O-O
b5 14. Kb1 Nb6 15. f3 Nc4 16. e4 Rd8 17. Bc1 dxe4 18. Nxb5 axb5 19.
Qxb5+ Rd7 20. Bxc4 O-O 21. Bb3 Rfd8 22. fxe4 Nxe4 23. Rhf1 Bf6 24. Bf4
Qa7 25. Be5 Bxe5 26. Qxe5 Rxd4 27. Rxd4 Qxd4 28. Qxd4 Rxd4 29. Re1 Kf8
30. Bc2 Nf6 31. Kc1 Ke7 32. Rd1 Rf4 33. a3 Nd5 34. g3 Rf2 35. Rd3 g5
36. b4 f5 37. Bb3 Rf1+ 38. Kd2 Kd6 39. a4 Rf2+ 40. Ke1 Rb2 41. a5 Kc6
42. b5+ Kc5 43. b6 Nb4 44. Rf3 g4 45. hxg4 fxg4 46. Rc3+ Kd4 47. b7
Kxc3 48. b8Q Nd3+ 49. Kf1 Rb1+ 50. Kg2 Rb2+ 51. Kf1 Rb1+ 52. Kg2 Rb2+
53. Kf1 Rb1+ 1/2-1/2
*

[Event "WWCC 2006"]
[Site "0:06.10-0:07.17"]
[Date "2006.03.14"]
[Round "22"]
[White "Matveeva, Svetlana"]
[Black "Zapata, Karen"]
[Result "1/2-1/2"]
[WhiteElo "2428"]
[WhiteCountry "RUS"]
[BlackElo "2218"]
[BlackCountry "PER"]
[Remark "WWCC 2006 Match 007"]
[PresId "1000220007"]

1. d4 Nf6 2. c4 e6 3. Nc3 Bb4 4. Qc2 c5 5. dxc5 Bxc5 6. Nf3 a6 7. e3
Nc6 8. a3 d6 9. b4 Ba7 10. Bb2 Bd7 11. Rd1 Qe7 12. Ne4 Nxe4 13. Qxe4
O-O 14. Be2 Rac8 15. O-O Rfd8 16. Rd2 f5 17. Qb1 g5 18. Rfd1 Be8 19.
Ba1 g4 20. Ne1 h5 21. Nd3 e5 22. c5 Bg6 23. Nf4 exf4 24. Rxd6 Rxd6 25.
Rxd6 Kh7 26. Bf6 Qf7 27. Qd1 Rc7 28. exf4 b6 29. Bxa6 Nb8 30. cxb6
Bxb6 31. Bd8 Rd7 32. Bxb6 Rxd6 33. Qxd6 Nxa6 34. g3 Qe8 35. Be3 Nb8
36. a4 Bf7 37. a5 Qd7 38. Qxd7 Nxd7 39. a6 Bc4 40. a7 Bd5 41. Kf1 Kg7
42. Ke2 Kf7 43. Kd3 Ke6 44. b5 Kd6 45. Kc3 Kc7 46. Kb4 Nb6 47. Bd4 Kb7
48. Ka5 Nc4+ 49. Kb4 Nd2 50. Kc5 Be4 51. Kd6 Nf3 52. Bc5 Nxh2 53. Ke6
Nf3 54. Kf6 h4 55. gxh4 Nxh4 56. b6 Nf3 57. Be3 Ne1 58. Ke5 Ka8 59.
Kd6 Ng2 60. Bd2 Kb7 61. Ke6 Nh4 62. Be3 Nf3 63. Kf6 Ne1 64. Kg5 Nd3
65. Bd4 Nb4 66. Kf6 Nd5+ 67. Kg5 Nb4 68. Kf6 Nc6 69. Be3 Na5 70. Ke6
Nc4 71. Bd4 Na5 72. Kf6 Nc6 73. Bc5 Na5 74. Bd4 Nc4 75. Ke6 Nd2 76.
Kf6 Nf3 77. Be3 Ng1 78. Ke6 Ne2 79. Kf6 Nc3 80. Ke5 Nd5 81. Bc5 Ka8
82. Bd4 Nb4 83. Kf6 Kb7 84. Kg5 Nc2 85. Bc5 Ne1 86. Be3 Nf3+ 87. Kf6
Nh2 88. Bc5 Ka8 89. Ke6 Kb7 90. Be3 Bd3 91. Bc5 Nf1 92. Ke5 Nd2 93.
Ke6 Ne4 94. Be3 Nc3 95. Ke5 Be4 96. Bd4 Nd5 97. Bc5 Ka8 98. Bd4 Kb7
99. Bc5 Nc3 100. Bd4 Ne2 101. Be3 g3 102. fxg3 Nxg3 103. Bf2 Ne2 104.
Be3 Nc3 105. Bd4 Nd5 106. Bc5 Ka8 107. Bg1 Ne7 108. Kf6 Nc6 109. Bc5
Kb7 110. Ke6 Na5 111. Bg1 Nc4 112. Kf6 Nb2 113. Kg5 Nd3 114. Be3 Nb4
115. Bg1 Nd5 116. Bd4 Bd3 117. Bg1 Nc3 118. Bd4 Ne2 119. Be3 Ng3 120.
Kf6 Be4 121. Kg6 Ne2 122. Kg5 Nc3 123. Bd4 Nd5 124. Bg1 Nxb6 125. Bxb6
Kxb6 126. a8Q Bxa8 127. Kxf5 Bd5 1/2-1/2
*

[Event "WWCC 2006"]
[Site "0:01.51-0:00.01"]
[Date "2006.03.16"]
[Round "33"]
[White "Kovalevskaya, Ekaterina"]
[Black "Peng, Zhaoqin"]
[Result "1-0"]
[WhiteElo "2458"]
[WhiteCountry "RUS"]
[BlackElo "2407"]
[BlackCountry "NED"]
[Remark "WWCC 2006 Match 003"]
[PresId "1000330003"]

1. c4 c6 2. Nf3 d5 3. cxd5 cxd5 4. g3 Nc6 5. Bg2 Nf6 6. O-O e6 7. d3
Be7 8. Nc3 O-O 9. e4 dxe4 10. dxe4 e5 11. Nd5 Bg4 12. h3 Bxf3 13. Qxf3
Nd4 14. Qd3 Rc8 15. Be3 Nxd5 16. exd5 Nc2 17. Rad1 Nxe3 18. Qxe3 Bd6
19. Qxa7 Qe7 20. Qe3 f5 21. Rc1 Bc5 22. Qb3 Kh8 23. d6 Qxd6 24. Bxb7
Rcd8 25. Kg2 h6 26. Qb5 Bd4 27. b3 e4 28. Rcd1 Qf6 29. Qc4 e3 30. fxe3
Bxe3 31. Bf3 f4 32. Rxd8 Rxd8 33. Rd1 Rf8 34. Qe2 Qg5 35. g4 Rc8 36.
Kh1 Qg6 37. Qd3 Qe8 38. Qf5 Rc5 39. Qe4 Qxe4 40. Bxe4 g5 41. a4 Rc3
42. Rb1 Kg7 43. b4 Ra3 44. a5 Kf6 45. b5 Rxa5 46. b6 Ke5 47. Bg2 f3
48. Bxf3 Kf4 49. Bg2 Kg3 50. b7 Bf4 51. Rb3+ Kh4 52. b8Q Bxb8 53. Rxb8
Ra6 54. Kh2 Rf6 55. Rb5 Rd6 56. Rb2 Rf6 57. Re2 Rb6 58. Re3 Rd6 59.
Kg1 h5 60. gxh5 Kxh5 61. Kh2 Rb6 62. Kg3 Rd6 63. Bf3+ Kg6 64. Ra3 Kf6
65. Ra8 Rd4 66. Ra6+ Ke5 67. Bg4 Rd3+ 68. Kf2 Rb3 69. Re6+ Kd4 70. Rg6
Rb5 71. Kg3 Ke4 72. Re6+ Kd5 73. Re8 Kd6 74. Bf3 Kd7 75. Re4 Kd6 76.
Kg4 Ra5 77. Rc4 Ke6 78. Be4 Kf6 79. Bf5 Ra6 80. Rb4 Rc6 81. Be4 Re6
82. Kf3 Ra6 83. Rb5 Ra3+ 84. Kg4 Ra4 85. Rb6+ Ke5 86. Kxg5 Rxe4 87.
Rb8 Kd6 88. h4 Ke7 89. h5 Re1 90. h6 Rg1+ 91. Kf4 Rh1 92. Kg5 Kd6 1-0
*